Library Logo

Pioneer International University Library Catalogue

Maisha ya Siri na hadithi nyinginezo (Record no. 9449)

MARC details
000 -LEADER
fixed length control field 00386nam a22001337a 4500
005 - DATE AND TIME OF LATEST TRANSACTION
control field 20250901165814.0
008 - FIXED-LENGTH DATA ELEMENTS--GENERAL INFORMATION
fixed length control field 250328b |||||||| |||| 00| 0 eng d
020 ## - INTERNATIONAL STANDARD BOOK NUMBER
International Standard Book Number 9789966258106
050 ## - LIBRARY OF CONGRESS CALL NUMBER
Classification number PL 8702 .N48 2011
245 ## - TITLE STATEMENT
Title Maisha ya Siri na hadithi nyinginezo
Statement of responsibility, etc. Ngugi Wa Thiong'o
260 ## - PUBLICATION, DISTRIBUTION, ETC.
Place of publication, distribution, etc. Nairobi
Name of publisher, distributor, etc. Nairobi East Africa Education Publisher
Date of publication, distribution, etc. 2017
300 ## - PHYSICAL DESCRIPTION
Extent 159p
942 ## - ADDED ENTRY ELEMENTS (KOHA)
Source of classification or shelving scheme Library of Congress Classification
Holdings
Withdrawn status Lost status Source of classification or shelving scheme Damaged status Not for loan Collection Home library Current library Shelving location Date acquired Source of acquisition Total checkouts Full call number Barcode Date last seen Copy number Price effective from Koha item type
    Library of Congress Classification       Main Library Main Library   03/21/2025 Donation from KICD   PL 8702 .N48 2011 PIUD0000484 03/28/2025 1 03/28/2025 Books
    Library of Congress Classification       Main Library Main Library   03/21/2025 Donation from KICD   PL 8702 .N48 2011 PIUD0000485 03/28/2025 2 03/28/2025 Books